00872 2200277 4500001002100000005001500021007000300036008004100039020002200080035002000102082001100122084001700133090001700150100003300167245015100200250001000351260003800361300003900399600001800438700002800456850001000484990002500494990002500519990002500544990002500569INLIS00000000000189920260603011314ta260603 1  a978-602-1129-46-3 a0010-0120000342 a398.23 a398.23 RET t a398.23 RET t0 aRetno Wulandari Setyaningsih1 aTiga Ratus Tiga Puluh Tiga Dongeng Binatang dari Seluruh Penjuru Dunia /cRetno Wulandari Setyaningsih dan Utami Widijati; Penyunting: Nur Iswarso acet.1 aYogyakarta :bIndoliterasi,c2015 aviii, 343 hlm. :bilus. ;c14.5 cm 4aAdat Istiadat0 aPenyunting: Nur Iswarso aPUPAD a31.025/APBD/DPK/2019 a31.026/APBD/DPK/2019 a31.027/APBD/DPK/2019 a31.028/APBD/DPK/2019